000 00499ca a2200181 4500
001 D5986
008 090401t1981 xxu||||| |||| 00| 0 eng d
035 _a(Sirsi) u79813
041 _aeng
050 _a368.56
100 _aCyriax, G.R (ed)
245 _aInsurance for construction and engineering contracts: conference proceedings June 1981
260 _aAldershot, Hants
_bGower Publishing Company Ltd
_c1981
300 _a138p. 29cm
350 _a27.95
942 _n0
948 _c04/03/1997
999 _c96565
_d96565